000 01244nam a22003017a 4500
999 _c20560
_d20560
005 20191106125451.0
008 191106b xxu||||| |||| 00| 0 spa d
020 _a9789588945262
040 _aCO-BoIAVH
_cCO-BoIAVH
041 _aspa
044 _ack
100 _aÁlzate Acuña, Laura
_eAutor
245 _aProductos forestales maderables y no maderables:
_bCon enfoque en reducción de gases efecto invernadero causados por deforestación y degradación de bosques (REDD+).
260 _aBogotá:
_bGIZ,
_bCorporación Biocomercio Sostenible,
_c2017.
300 _a42 páginas:
_bilustraciones,
_c22 x 28 cm.
650 0 _aGuías de estudio
650 0 _aProductos forestales no maderables
650 0 _aProductos forestales
650 0 _aSostenibilidad
650 0 _aCambio climático
700 _aGonzales, Andrés
_eAutor
700 _aArcos Dorado- Adriana Lucia
_einvestigador
700 _aLópez Osorio, Luisa Fernanda
_einvestigador
700 _aGrosso Rodriguez, Helena
_einvestigador
700 _aSantana Lozano, Javier
_eMetodólogo SENA
700 _aMoreno Betancourt, Nathaly
_eMetodólogo SENA
942 _2ddc
_cFolleto